[Event "Moscow op-B (Women)"]
[Site "Moscow"]
[Date "2015.02.07"]
[Round "8"]
[White "Pranizina, Alina"]
[Black "Bulatova, Kamaliya"]
[Result "1/2-1/2"]
[WhiteElo "1875"]
[BlackElo "1764"]
[PlyCount "85"]
[EventDate "2015.01.31"]
[EventType "swiss"]
[EventRounds "9"]
[EventCountry "RUS"]
[SourceTitle "CBM 164 Extra"]
[Source "ChessBase"]
[SourceDate "2015.03.02"]
[SourceVersion "1"]
[SourceVersionDate "2015.03.02"]
[SourceQuality "1"]

1. e4 c5 2. Nf3 e6 3. d4 cxd4 4. Nxd4 d6 5. Nc3 a6 6. Bd3 Nf6 7. 0-0 Be7 8. h3 0-0 9. Qe2 Nc6 10. Nxc6 bxc6 11. e5 Nd5 12. Nxd5 cxd5 13. exd6 Qxd6 14. Re1 Bf6 15. c3 a5 16. Be3 Re8 17. Rad1 Bb7 18. Qg4 Ba6 19. Bxa6 Qxa6 20. Bg5 Bxg5 21. Qxg5 Qc4 22. Rd4 Qxa2 23. Rg4 g6 24. Qh6 Qxb2 25. Re3 Qb1+ 26. Kh2 Qb8+ 27. f4 Qc7 28. Reg3 Qe7 29. Rh4 f5 30. Rxg6+ Kh8 31. Rxe6 Qg7 32. Qxg7+ Kxg7 33. Rd6 Red8 34. Rdh6 Rh8 35. R6h5 Kf6 36. g4 fxg4 37. hxg4 a4 38. Rf5+ Kg7 39. Rhh5 Rhf8 40. Rhg5+ Kh8 41. Rxf8+ Rxf8 42. Rxd5 Rxf4 43. Kg3 1/2-1/2

[Event "Satka Autumn op (Women)"]
[Site "Satka"]
[Date "2013.09.08"]
[Round "6"]
[White "Pranizina, Alina"]
[Black "Buldakova, Irina"]
[Result "1-0"]
[WhiteElo "1867"]
[BlackElo "1719"]
[PlyCount "71"]
[EventDate "2013.09.03"]
[EventType "swiss"]
[EventRounds "9"]
[EventCountry "RUS"]
[SourceTitle "CBM 156 Extra"]
[Source "ChessBase"]
[SourceDate "2013.10.22"]
[SourceVersion "1"]
[SourceVersionDate "2013.10.22"]
[SourceQuality "1"]

1. e4 c5 2. Nf3 e6 3. c3 Nc6 4. d4 cxd4 5. cxd4 d6 6. Nc3 Nf6 7. Bd3 Be7 8. 0-0 0-0 9. a3 a6 10. Qc2 h6 11. Re1 Qd7 12. Bf4 Nh5 13. Be3 e5 14. dxe5 dxe5 15. Nd5 Bd8 16. Rad1 Qg4 17. Bc5 Re8 18. Ne3 Qg6 19. Kh1 Nf4 20. Bf1 Be6 21. Bd6 Bf6 22. g3 Nh3 23. Bg2 Rac8 24. Qe2 Red8 25. Qf1 Ng5 26. Nh4 Qh7 27. Nd5 Bxd5 28. exd5 Rxd6 29. dxc6 Rxd1 30. cxb7 Rb8 31. Rxd1 Ne4 32. Qe2 Nc5 33. Qc4 Be7 34. b4 g5 35. bxc5 gxh4 36. c6 1-0

[Event "Voronezh op-B 17th"]
[Site "Voronezh"]
[Date "2013.06.17"]
[Round "6"]
[White "Pranizina, Alina"]
[Black "Soboleva, Anastasia"]
[Result "1/2-1/2"]
[WhiteElo "1767"]
[BlackElo "1940"]
[PlyCount "88"]
[EventDate "2013.06.12"]
[EventType "swiss"]
[EventRounds "9"]
[EventCountry "RUS"]
[SourceTitle "EXT 2014"]
[Source "ChessBase"]
[SourceDate "2013.11.20"]
[SourceVersion "1"]
[SourceVersionDate "2013.11.20"]
[SourceQuality "1"]

1. e4 e6 2. d4 d5 3. exd5 exd5 4. Bd3 c5 5. dxc5 Bxc5 6. Nf3 Nf6 7. 0-0 0-0 8. Nc3 Nc6 9. Bg5 Be6 10. h3 h6 11. Bh4 Rc8 12. a3 Re8 13. Qd2 Nd4 14. Nxd4 Bxd4 15. Bh7+ Kxh7 16. Qxd4 Rc4 17. Qd3+ Kg8 18. Bxf6 Qxf6 19. Nxd5 Bxd5 20. Qxd5 Rxc2 21. Qxb7 Rxb2 22. Qxa7 Ree2 23. Rad1 Rb6 24. Rd3 Ra6 25. Qb8+ Kh7 26. Rf3 Qe7 27. Qb3 Kg8 28. Rd1 Ree6 29. Qb8+ Kh7 30. Rd8 Re1+ 31. Kh2 Qe5+ 32. Qxe5 Rxe5 33. Rd2 f5 34. Rg3 Rg6 35. a4 Ra5 36. Rd4 Rga6 37. Ra3 Kg6 38. Kg3 Kf6 39. Rb4 Ke5 40. f4+ Kd5 41. Rd3+ Ke6 42. Rdd4 Kf6 43. Kh4 g6 44. Kg3 Ke6 1/2-1/2